बिल्डर्स (Record no. 330489)

MARC details
000 -LEADER
fixed length control field 00476nam a2200169Ia 4500
008 - FIXED-LENGTH DATA ELEMENTS--GENERAL INFORMATION
fixed length control field 090711s9999 xx 000 0 und d
082 ## - DEWEY DECIMAL CLASSIFICATION NUMBER
Item number 52944
100 ## - MAIN ENTRY--PERSONAL NAME
Personal name वगळ अरुण
245 ## - TITLE STATEMENT
Title बिल्डर्स
260 ## - PUBLICATION, DISTRIBUTION, ETC. (IMPRINT)
Name of publisher, distributor, etc प्रिया प्रकाशन
Date of publication, distribution, etc 1986
300 ## - PHYSICAL DESCRIPTION
Extent 252
600 ## - SUBJECT ADDED ENTRY--PERSONAL NAME
Personal name वगळ अरुण
630 ## - SUBJECT ADDED ENTRY--UNIFORM TITLE
Uniform title बिल्डर्स
700 ## - ADDED ENTRY--PERSONAL NAME
Personal name वगळ अरुण
730 ## - ADDED ENTRY--UNIFORM TITLE
Uniform title बिल्डर्स
942 ## - ADDED ENTRY ELEMENTS (KOHA)
Koha item type Book
Holdings
Withdrawn status Lost status Damaged status Not for loan Home library Current library Date acquired Cost, normal purchase price Total Checkouts Full call number Barcode Date last seen Cost, replacement price Price effective from Koha item type
        Dadar Sarvajanik Vachanalaya, Dardar Dadar Sarvajanik Vachanalaya, Dardar 07/11/2009 60.00   52944 DASAVA-52944 07/11/2009 60.00 07/11/2009 Book